000 01021nam a22002417a 4500
005 20170511111302.0
010 _a1617EN
020 _a9789332518193
_c849.00
035 _aB-654020-031
035 _aB-665160
037 _adpl
_bABC
082 _a658.1599
100 _aEiteman, David K
245 _aMultinational business finance /
_cby David K. Eiteman, Arthur I Stonehill [and] Michael H.Moffett
260 _aNew Delhi
_bPearson
_c2015
270 _a11 Community Centre, Panchsheel Park
_bNew Delhi
_e110017, India
300 _a640p.:
_c28cm(pbk)
700 _d Stonehill,Arthur I
700 _dMoffett,Michael H.
942 _2ddc
_cEN
_h658.1599
_mEIT
999 _c102611
_d102611